| 000 | 00479nam a22001577a 4500 | ||
|---|---|---|---|
| 003 | macl | ||
| 005 | 20191015121353.0 | ||
| 008 | 191015b xxu||||| |||| 00| 0 eng d | ||
| 040 | _cmacl | ||
| 082 | _a700 | ||
| 100 |
_aकुमार , डॉ . पंकज _976951 |
||
| 245 | _aनालान्दा की कला विरासत | ||
| 260 |
_aवाराणसी _bकला प्रकाशन _c2016 |
||
| 650 |
_aकला _976952 |
||
| 942 |
_2ddc _cHIN |
||
| 999 |
_c61201 _d61201 |
||